The mysterious Mr Quin. (Record no. 4925)

000 -LEADER
fixed length control field 00407 a2200157 4500
020 ## - INTERNATIONAL STANDARD BOOK NUMBER
International Standard Book Number 0-00-616651-2
040 ## - CATALOGING SOURCE
Original cataloging agency DLC
Language of cataloging DLC
082 ## - DEWEY DECIMAL CLASSIFICATION NUMBER
Classification number 823.912
082 ## - DEWEY DECIMAL CLASSIFICATION NUMBER
Classification number 823.912
100 1# - MAIN ENTRY--PERSONAL NAME
Personal name Christie, Agatha,
245 04 - TITLE STATEMENT
Title The mysterious Mr Quin.
Statement of responsibility, etc. Christie, Agatha
260 ## - PUBLICATION, DISTRIBUTION, ETC.
Place of publication, distribution, etc. London :
Name of publisher, distributor, etc. HarperCollins,
Date of publication, distribution, etc. 1996
300 ## - PHYSICAL DESCRIPTION
Extent 256p. ;
Dimensions 18 cm
650 #7 - SUBJECT ADDED ENTRY--TOPICAL TERM
Topical term or geographic name entry element English fiction
Chronological subdivision 20th century
942 ## - ADDED ENTRY ELEMENTS (KOHA)
Koha item type Book
Call number prefix 823.912 CHR
Source of classification or shelving scheme
Holdings
Withdrawn status Lost status Damaged status Not for loan Collection code Permanent Location Current Location Shelving location Date acquired Source of acquisition Cost, normal purchase price Total Checkouts Total Renewals Full call number Barcode Date last seen Date last checked out Price effective from Koha item type
          Central Library (CL) Central Library (CL) Fiction 12/16/2004 Allied Book Company 175.50 2 1 823.912 CHR SEECS005171 09/22/2021 04/26/2019 01/05/2017 Book
          Central Library (CL) Central Library (CL) Fiction 12/16/2004 Allied Book Company 175.50 2 3 823.912 CHR SEECS005172 06/11/2021 10/27/2019 01/05/2017 Book
© 2023 Central Library, National University of Sciences and Technology. All Rights Reserved.